书目信息 |
| 题名: |
中国优势竞技项目制胜规律
|
|
| 作者: | 谢亚龙 , 王汝英 著 | |
| 分册: | ||
| 出版信息: | 北京 人民体育出版社 1992.10 |
|
| 页数: | 470页 | |
| 开本: | 21cm | |
| 丛书名: | ||
| 单 册: | ||
| 中图分类: | G819.3 | |
| 科图分类: | ||
| 主题词: | 体育事业--世界 | |
| 电子资源: | ||
| ISBN: | 7-5009-0814-8 | |
| 000 | 00670nam0 2200217 45 | |
| 001 | 0405081539 | |
| 005 | 20040923143314.5 | |
| 010 | @a7-5009-0814-8@dCNY8.00 | |
| 100 | @a20040508d1992 km y0chiy0120 ea | |
| 101 | 0 | @achi |
| 105 | @a z 000yy | |
| 200 | 1 | @a中国优势竞技项目制胜规律@AZhong Guo You Shi Jing Ji Xiang Mu Zhi ShengGui Lu@f谢亚龙,王汝英等著@FXie Ya Long,Wang Ru Ying Deng Zhu |
| 210 | @a北京@c人民体育出版社@d1992.10 | |
| 215 | @a470页@d21cm | |
| 300 | @a国家体委体育科学技术成果专辑 | |
| 606 | 0 | @a体育事业@x世界 |
| 690 | @aG819.3@v3 | |
| 701 | 0 | @a谢亚龙@4著 |
| 701 | 0 | @a王汝英@4著 |
| 801 | @aCN@bTSTCL@c20040508 | |
| 905 | @dG819.3@e7@f1@b260048 | |
| 中国优势竞技项目制胜规律/谢亚龙,王汝英等著.-北京:人民体育出版社,1992.10 |
| 470页;21cm |
| 国家体委体育科学技术成果专辑 |
| ISBN 7-5009-0814-8:CNY8.00 |
| ● |
| 相关链接 |
|
|
|
|
正题名:中国优势竞技项目制胜规律
索取号:G819.3/7
 
预约/预借
| 序号 | 登录号 | 条形码 | 馆藏地/架位号 | 状态 | 备注 |
| 1 | 0260048 | 000299670 | 密集书库/ [索取号:G819.3/7] | 在馆 | |
| 2 | 0260049 | 000299661 | 密集书库/ [索取号:G819.3/7] | 在馆 | |
| 3 | 0260050 | 000299171 | 密集书库/ [索取号:G819.3/7] | 在馆 |